000 00504cam a2200169 4500500
005 20260329001425.0
041 _afre
042 _adc
100 1 0 _aPrévost, Anne-Vanessa
_eauthor
245 0 0 _aHegel l’idéaliste
260 _c2007.
500 _a52
690 _aDialectique
690 _aHegel
786 0 _nPhilosophie magazine | 8 | 4 | 2007-04-01 | p. 25-26 | 1951-1787
856 4 1 _uhttps://shs.cairn.info/magazine-philosophie-magazine-2007-4-page-25?lang=fr&redirect-ssocas=7080
999 _c1805267
_d1805267